Cultural diversity in the workplace
Αποθηκεύτηκε σε:
| Κύριος συγγραφέας: | |
|---|---|
| Μορφή: | Βιβλίο |
| Γλώσσα: | English |
| Δημοσίευση: |
New York :
Irwin,
c1994
|
| Σειρά: | Business skills express series
|
| Θέματα: | |
| Ετικέτες: |
Προσθήκη ετικέτας
Δεν υπάρχουν, Καταχωρήστε ετικέτα πρώτοι!
|
MARC
| LEADER | 00000nam a2200000 i 4500 | ||
|---|---|---|---|
| 001 | 1/55727 | ||
| 008 | 980427s1994 eng d | ||
| 020 | |a 0786301252 | ||
| 035 | |l 10027900 | ||
| 040 | |a GR-MY-UA |b gre |e aacr | ||
| 041 | 0 | |a eng | |
| 082 | 0 | |a 658.3041 | |
| 100 | 1 | |a Walton, Sally J. | |
| 245 | 1 | 0 | |a Cultural diversity in the workplace / |c Sally J. Walton |
| 260 | |a New York : |b Irwin, |c c1994 | ||
| 300 | |a xiii, 76 p. | ||
| 490 | 1 | |a Business skills express series | |
| 650 | 0 | 0 | |a Minorities |x Employment |z United States. |
| 650 | 0 | 0 | |a Multiculturalism |z United States. |
| 650 | 0 | 0 | |a Personnel management |z United States. |
| 830 | 0 | |a Business skills express series | |
| 852 | |a INST |b CHIOS |e 19980427 |h 658.3041 WAL |p 005200009517 |q 005200009517 |t BK |y 0 | ||
| 901 | |a BIBL-1998-1 | ||
| 909 | |a Χ |b 054350 | ||
| 922 | |a 2ΕΛΗ |b 199803 |c ΤΔΕ |d ΠΑΠΑΣΩΤΗΡΙΟΥ | ||